MARC

LEADER 00000nam0a2200000 4500
001 74011
005 20231031084848.0
035 |a (RuTPU)RU\TPU\book\78944 
090 |a 74011 
100 |a 20050226d1973 k y0rusy50 ca 
101 0 |a rus 
102 |a RU 
105 |a a z 001zy 
200 1 |a Ползучесть полимерных материалов. Теория и приложения  |f И. И. Бугаков 
210 |a Москва  |c Наука  |d 1973 
215 |a 287 с.  |c ил.  |e черт. 
320 |a Библиогр.: с. 272-285. 
610 1 |a полимеры 
610 1 |a ползучесть 
610 1 |a сжатие 
610 1 |a линейная теория 
610 1 |a деформирование 
610 1 |a неизотермическая ползучесть 
610 1 |a вязкоупругие аналогии 
610 1 |a температурные напряжения 
675 |a 679.56.01  |v 3 
700 1 |a Бугаков  |b И. И.  |g Илья Израилевич 
801 1 |a RU  |b 63413507  |c 20050226  |g PSBO 
801 2 |a RU  |b 63413507  |c 20160615  |g PSBO 
942 |c BK